000 00560nam a2200181Ia 4500
001 7708
005 20260306160515.0
008 260306t2015||||xx |||||||||||||| ||spa||
041 _aESP
082 _a354.34
_bA176
100 _aAsociación Especializada para el Desarrollo Sostenible
_eAUT
245 0 _aRevalorando la conservación de la biodiversidad y crianza de la alpaca Suri de color en la cuenca alta del Colca:
_bsistematización de experiencias
260 _c2015
300 _a
_c
650 _aGEN
654 _aCIA
942 _cLIB
_dJUS
_fJUS
_2ddc
_n
999 _c7708
_d7708